000 00705nam a2200289Ia 4500
005 20260324142431.0
008 008 260324s9999 xx 000 0 eng d
020 _a9780429305740
037 _aEBOOK
040 _aCRL
040 _beng
040 _cCRL
041 _2eng
041 _aeng
084 _qCRL
100 _aAndrew D Anderson
_91211921
245 0 _aSeeking Common Ground
245 0 _bCanada-u.s. Trade Dispute Settlement Policies In The Nineties
260 _bTaylor and Francis
260 _c1995
365 _a
365 _b145
856 _uhttp://www.taylorfrancis.com/books/9780429305740
942 _cEBOOK
999 _c1816119
_d1816119